1404 1205 1287 1681 1537 1590 1380 1571 1347 1299 1848 1693 1703 1154 1675 1784 1810 1921 1407 1318 1418 1455 1032 1653 1925 1888 1050 1921 1930 1727 1629 1682 1500 1536 1202 1852 1763 1420 1334 1174 1025 1031 1642 1829 1027 1174 1066 1094 1458 1474 1486 1281 1633 1042 1775 1225 1278 1876 1208 1490 1260 1892 1521 1893 1618 1639 1691 1351 1622 1290 1611 1195 1773 1809 1776 1217 1964 1362 1095 1463 1620 1817 1022 1635 1562 1040 1441 1061 1307 1195 1169 1118 1521 1618 1734 1329 1183 1666 1313 BCNSPRNW ULIB Ver.6.0+V

เปลี่ยนเป็นภาษาไทย

Change to English
 แสดงรายละเอียดบรรณานุกรม
  กลับหน้าหลัก

Brief Record : Get Marc (ISO 2709) : E-mail record : QR code < ปิดหน้าต่าง
LEADER : 00000nam 2200000uu 4500
001    13399124037
003     ULIB
008    150105s2556||||th 000 0 tha d
020    ^a9786161100704
060  4 ^aWM172^bพ186ก
100 0  ^aพจนา ปิยะกรณ์ชัย
245 10 ^aการตอบสนองของบุคคลต่อภาวะเครียด =^bHuman response to stress/^cพจนา ปิยะกรณ์ชัย
246 31 ^aHuman response to stress
250    ^aพิมพ์ครั้งที่ 2
260    ^aนนทบุรี :^bโครงการสวัสดิการวิชาการ สถาบันพระบรมราชชนก,^c2556
300    ^a52 หน้า ;^c21 ซม.
650  4 ^aความเครียด
650  4 ^aสุขภาพจิต
710 2  ^aสถาบันพระบรมราชชนก. ^bโครงการสวัสดิการวิชาการ
945    ^p100^l0^i037835
945    ^p100^l0^i037836
945    ^p100^l0^i037837
945    ^p100^l0^i037838
945    ^p100^l0^i037839
945    ^p100^l0^i037840
945    ^p100^l0^i037841
945    ^p100^l0^i037842
945    ^p100^l0^i037843
945    ^p100^l0^i037844
945    ^p100^l0^i037845
945    ^p100^l0^i037846
999    ^aเกษร โพธิ์สุวรรณ
รายการนี้ยังไม่มีแท็ก
คุณยังไม่ได้ล็อกอิน คุณสามารถมีกิจกรรมร่วมกับเว็บไซต์ได้ แต่ต้องล็อกอินก่อน ::
  ล็อกอิน

รายการสื่อสารสนเทศ

ลำดับที่ ประเภท เลขเรียก/บาร์โค้ด สถานที่ สถานะ
1. วิทยาศาสตร์การแพทย์ และสุขภาพ
หนังสือสำรอง
สถานะ=หนังสือสำรอง
WM172 พ186ก ฉ.1 
  Barcode: 037835
ห้องสมุดวิทยาเขตสวรรค์ประชารักษ์
►ส่วนจัดเก็บหนังสือเก่า สปร
บนชั้น
  ขอยืม
2. วิทยาศาสตร์การแพทย์ และสุขภาพ
วิทยาศาสตร์การแพทย์ และสุขภาพ
WM172 พ186ก ฉ.10 
  Barcode: 037844
ห้องสมุดวิทยาเขตสวรรค์ประชารักษ์
►ส่วนจัดเก็บหนังสือเก่า สปร
บนชั้น
  ขอยืม
3. วิทยาศาสตร์การแพทย์ และสุขภาพ
วิทยาศาสตร์การแพทย์ และสุขภาพ
WM172 พ186ก ฉ.11 
  Barcode: 037845
ห้องสมุดวิทยาเขตสวรรค์ประชารักษ์
►ส่วนจัดเก็บหนังสือเก่า สปร
บนชั้น
  ขอยืม
4. วิทยาศาสตร์การแพทย์ และสุขภาพ
วิทยาศาสตร์การแพทย์ และสุขภาพ
WM172 พ186ก ฉ.12 
  Barcode: 037846
ห้องสมุดวิทยาเขตสวรรค์ประชารักษ์
►ส่วนจัดเก็บหนังสือเก่า สปร
บนชั้น
  ขอยืม
5. วิทยาศาสตร์การแพทย์ และสุขภาพ
วิทยาศาสตร์การแพทย์ และสุขภาพ
WM172 พ186ก ฉ.2 
  Barcode: 037836
ห้องสมุดวิทยาเขตสวรรค์ประชารักษ์
►ส่วนจัดเก็บหนังสือเก่า สปร
บนชั้น
  ขอยืม
6. วิทยาศาสตร์การแพทย์ และสุขภาพ
วิทยาศาสตร์การแพทย์ และสุขภาพ
WM172 พ186ก ฉ.3 
  Barcode: 037837
ห้องสมุดวิทยาเขตสวรรค์ประชารักษ์
►ส่วนจัดเก็บหนังสือเก่า สปร
บนชั้น
  ขอยืม
7. วิทยาศาสตร์การแพทย์ และสุขภาพ
วิทยาศาสตร์การแพทย์ และสุขภาพ
WM172 พ186ก ฉ.4 
  Barcode: 037838
ห้องสมุดวิทยาเขตสวรรค์ประชารักษ์
►ส่วนจัดเก็บหนังสือเก่า สปร
บนชั้น
  ขอยืม
8. วิทยาศาสตร์การแพทย์ และสุขภาพ
วิทยาศาสตร์การแพทย์ และสุขภาพ
WM172 พ186ก ฉ.5 
  Barcode: 037839
ห้องสมุดวิทยาเขตสวรรค์ประชารักษ์
►ส่วนจัดเก็บหนังสือเก่า สปร
บนชั้น
  ขอยืม
9. วิทยาศาสตร์การแพทย์ และสุขภาพ
วิทยาศาสตร์การแพทย์ และสุขภาพ
WM172 พ186ก ฉ.6 
  Barcode: 037840
ห้องสมุดวิทยาเขตสวรรค์ประชารักษ์
►ส่วนจัดเก็บหนังสือเก่า สปร
บนชั้น
  ขอยืม
10. วิทยาศาสตร์การแพทย์ และสุขภาพ
วิทยาศาสตร์การแพทย์ และสุขภาพ
WM172 พ186ก ฉ.7 
  Barcode: 037841
ห้องสมุดวิทยาเขตสวรรค์ประชารักษ์
►ส่วนจัดเก็บหนังสือเก่า สปร
บนชั้น
  ขอยืม
11. วิทยาศาสตร์การแพทย์ และสุขภาพ
วิทยาศาสตร์การแพทย์ และสุขภาพ
WM172 พ186ก ฉ.8 
  Barcode: 037842
ห้องสมุดวิทยาเขตสวรรค์ประชารักษ์
►ส่วนจัดเก็บหนังสือเก่า สปร
บนชั้น
  ขอยืม
12. วิทยาศาสตร์การแพทย์ และสุขภาพ
วิทยาศาสตร์การแพทย์ และสุขภาพ
WM172 พ186ก ฉ.9 
  Barcode: 037843
ห้องสมุดวิทยาเขตสวรรค์ประชารักษ์
►ส่วนจัดเก็บหนังสือเก่า สปร
บนชั้น
  ขอยืม

รายการใกล้เคียง
    ผู้แต่ง [พจนา ปิยะกรณ์ชัย]

    หัวเรื่อง [ความเครียด]
    หัวเรื่อง [สุขภาพจิต]

BibComment


ยังไม่เคยถูกคอมเมนท์

คอมเมนท์ทรัพยากรรายการนี้
  คอมเมนท์: การตอบสนองของบุค..


 Copyright 2026. Bcnsprnw @Library